Implementácia GCM modelu v manažérskej praxi
Guardado en:
| Autor principal: | |
|---|---|
| Formato: | Capítulo de libro |
| Lenguaje: | eslovaco |
| Etiquetas: |
Sin Etiquetas, Sea el primero en etiquetar este registro!
|
MARC
| LEADER | 00000nla a2200000 4500 | ||
|---|---|---|---|
| 001 | 0227031 | ||
| 005 | 20240502073736.9 | ||
| 041 | 0 | |a slo | |
| 044 | |a SK | ||
| 245 | 1 | 0 | |a Implementácia GCM modelu v manažérskej praxi |c Gabriela Sančiová |
| 500 | |a Abstrakt | ||
| 100 | 1 | |a Sančiová, Gabriela, 1991- | |